[Event "From's Gambit"]
[Site "SchemingMind.com"]
[Date "2022.08.29"]
[Round "-"]
[White "Randy Bahr"]
[Black "pnwmusichound"]
[Result "1-0"]
[WhiteCountry "USA"]
[BlackCountry "USA"]
[WhiteElo "1838"]
[WhiteRD "76"]
[BlackElo "1816"]
[BlackRD "93"]
[GameID "726310"]

1. f4 e5 2. fxe5 d6 3. exd6 Bxd6 4. Nf3 Nf6 5. d4 O-O 6. e4 Nxe4 7. Bd3 Re8 8. O-O Bg4 9. c3 Nd7 10. Nbd2 Ndf6
11. Qc2 h6 12. Nxe4 Bxf3 13. Nxd6 Qxd6 14. Rxf3 Ng4 15. Bf4 Qe7 16. h3 Nf6 17. Re3 Qd7 18. Rae1 Rxe3 19. Rxe3 Nd5 20. Rf3 Re8
21. Bd2 a5 22. Rf5 b5 23. Qb3 c6 24. Qc2 Ne3 25. Bxe3 Rxe3 26. Re5 Rxe5 27. dxe5 Qd5 28. c4 bxc4 29. Qxc4 Qxe5 30. Qe4 Qxe4
31. Bxe4 c5 32. Bd5 Kf8 33. Kf2 Ke7 34. Ke3 f6 35. Kd3 Kd6 36. Kc4 a4 37. Ba8 g5 38. Kb5
1-0

[Event "From's Gambit"]
[Site "SchemingMind.com"]
[Date "2022.09.03"]
[Round "-"]
[White "pnwmusichound"]
[Black "AussieMossie"]
[Result "0-1"]
[WhiteCountry "USA"]
[BlackCountry "AUS"]
[WhiteElo "1816"]
[WhiteRD "93"]
[BlackElo "2639"]
[BlackRD "90"]
[GameID "726320"]

1. f4 e5 2. fxe5 d6 3. exd6 Bxd6 4. Nf3 Nf6 5. d4 O-O 6. Nc3 Re8 7. Bg5 Nbd7 8. e4 Nxe4 9. Nxe4 Rxe4+ 10. Be2 Qe8
11. Qd3 h6 12. Bd2 Nf6 13. h3 Bg3+ 14. Kd1 c5 15. dxc5 Bf5 16. Qb5 Rxe2 17. Qxe8+ Raxe8 18. Nd4 Rxg2 19. Nxf5 Rd8 20. Nd6 Bxd6
21. cxd6 Rxd6
0-1

[Event "From's Gambit"]
[Site "SchemingMind.com"]
[Date "2022.09.03"]
[Round "-"]
[White "AussieMossie"]
[Black "pnwmusichound"]
[Result "1-0"]
[WhiteCountry "AUS"]
[BlackCountry "USA"]
[WhiteElo "2639"]
[WhiteRD "90"]
[BlackElo "1816"]
[BlackRD "93"]
[GameID "726321"]

1. f4 e5 2. fxe5 d6 3. exd6 Bxd6 4. Nf3 Nf6 5. Nc3 Ng4 6. g3 Nxh2 7. Rxh2 Bxg3+ 8. Rf2 Bxf2+ 9. Kxf2 g5 10. d4 g4
11. Ng5 h6 12. Nge4 f5 13. Ng3 Qh4 14. Bg2 Qf6 15. Nd5 Qf7 16. Bf4 Na6 17. Be5 Rf8 18. Qd2 h5 19. Rh1 c6 20. Nf6+ Kd8
21. d5 c5 22. Qg5 Qe7 23. d6 Qf7 24. Nfxh5+ Ke8 25. Nf6+
1-0

[Event "From's Gambit"]
[Site "SchemingMind.com"]
[Date "2022.08.30"]
[Round "-"]
[White "AussieMossie"]
[Black "Robert Bruce"]
[Result "1-0"]
[WhiteCountry "AUS"]
[BlackCountry "SCO"]
[WhiteElo "2629"]
[WhiteRD "89"]
[BlackElo "2317"]
[BlackRD "68"]
[GameID "726322"]

1. f4 e5 2. fxe5 d6 3. exd6 Bxd6 4. Nf3 g5 5. g3 g4 6. Nh4 Ne7 7. d3 Ng6 8. Ng2 h5 9. Nc3 Bd7 10. Ne4 Bc6
11. Nxd6+ Qxd6 12. Qd2 Nd7 13. Qe3+ Nde5 14. d4 O-O-O 15. dxe5 Qd1+ 16. Kf2 h4 17. Rg1 hxg3+ 18. hxg3 Rh2 19. Qxa7 b6 20. Qa6+ Bb7
21. Qc4 Nxe5 22. Qc3 Nc6 23. e4 Qf3+ 24. Qxf3 gxf3 25. Kxf3 Nd4+ 26. Kf2 Nxc2 27. Rb1 Bxe4 28. Bf4 Nb4 29. Re1 f5 30. g4 Rh3
31. Be2 Nd3+ 32. Bxd3 Rdxd3 33. g5 Bxg2 34. Kxg2 Rh4 35. Re3 Rd4 36. Be5 Rdg4+ 37. Rg3
1-0

[Event "From's Gambit"]
[Site "SchemingMind.com"]
[Date "2022.08.30"]
[Round "-"]
[White "Robert Bruce"]
[Black "AussieMossie"]
[Result "0-1"]
[WhiteCountry "SCO"]
[BlackCountry "AUS"]
[WhiteElo "2317"]
[WhiteRD "68"]
[BlackElo "2629"]
[BlackRD "89"]
[GameID "726323"]

1. f4 e5 2. e4 exf4 3. Nf3 d6 4. d4 g5 5. g3 Bg7 6. Nc3 Nc6 7. d5 Ne5 8. gxf4 gxf4 9. Bxf4 Bg4 10. Bb5+ Kf8
11. Be2 Nxf3+ 12. Bxf3 Bxc3+ 13. bxc3 Qf6 14. O-O Qxf4 15. Bxg4 Qg5 16. Kh1 Nh6 17. Be6 Rg8 18. Qf3 Rg7 19. c4 Kg8 20. Bh3 Re8
21. Rg1 Qh4 22. Rxg7+ Kxg7 23. Be6 Rg8 24. Bd7 b6 25. Rg1+ Kf8 26. Rf1 Rg7 27. a4 Ng4 28. Bxg4 Qxg4 29. Qxg4 Rxg4 30. Re1 a5
31. c5 dxc5 32. h3 Rg3 33. Rd1 Rxh3+
0-1

[Event "From's Gambit"]
[Site "SchemingMind.com"]
[Date "2022.08.30"]
[Round "-"]
[White "AussieMossie"]
[Black "William Lindberg"]
[Result "1-0"]
[WhiteCountry "AUS"]
[BlackCountry "USA"]
[WhiteElo "2639"]
[WhiteRD "90"]
[BlackElo "2443"]
[BlackRD "69"]
[GameID "726324"]

1. f4 e5 2. fxe5 d6 3. exd6 Bxd6 4. Nf3 Nf6 5. Nc3 O-O 6. g3 Re8 7. Bg2 c5 8. O-O Bg4 9. d3 h6 10. e4 Nc6
11. Be3 Rc8 12. Qd2 c4 13. dxc4 Nxe4 14. Nxe4 Rxe4 15. Rad1 Bc7 16. Qf2 Qe8 17. Rde1 Rxc4 18. c3 Qd7 19. Nd2 Ra4 20. Ne4 b6
21. h3 Be6 22. b3 Ra5 23. Bxh6 Qe7 24. Bc1 Rf5 25. Qe2 Ne5 26. c4 Re8 27. Bf4 Ng6 28. Bxc7 Rxf1+ 29. Rxf1 Qxc7 30. Qh5 Rd8
31. Re1 Nf8 32. Kh2 Rd3 33. Rd1 Rxd1 34. Qxd1 Qe5 35. h4 g6 36. Qd6 Qa1 37. Qd8 Kg7 38. Qd2 Qe5 39. Qc3 Nd7 40. Kg1 Bf5
41. Kf2 Qxc3 42. Nxc3 Kh6 43. Nb5 Bb1 44. a3 Ba2 45. b4 Bxc4 46. Nxa7 Bb3 47. Ke3 f5 48. Nc8 Ba4 49. Kf4 Kg7 50. Bf3 Bb5
51. g4 Kf6 52. g5+ Kg7 53. h5 gxh5 54. Bxh5 Bd3 55. Nd6 Nf8 56. Nxf5+ Kg8 57. Nd4 Bc4 58. Be8 Nh7 59. a4 Ba6 60. a5 bxa5
61. bxa5 Bb7 62. Bc6 Bc8 63. Nf5 Ba6 64. g6 Nf6 65. Kg5 Nh7+ 66. gxh7+ Kxh7 67. Nd6 Kg7 68. Bb5
1-0

[Event "From's Gambit"]
[Site "SchemingMind.com"]
[Date "2022.08.30"]
[Round "-"]
[White "William Lindberg"]
[Black "AussieMossie"]
[Result "1/2-1/2"]
[WhiteCountry "USA"]
[BlackCountry "AUS"]
[WhiteElo "2443"]
[WhiteRD "68"]
[BlackElo "2629"]
[BlackRD "89"]
[GameID "726325"]

1. f4 e5 2. fxe5 d6 3. Nf3 dxe5 4. Nxe5 Bd6 5. Nf3 Nf6 6. g3 Nc6 7. d4 Bg4 8. c3 Qd7 9. Bg2 O-O 10. O-O Rfe8
11. Re1 h6 12. Nbd2 Re7 13. e4 Rae8 14. Qc2 Bf5 15. exf5 Rxe1+ 16. Nxe1 Rxe1+ 17. Nf1 Ng4 18. Qd2 Re8 19. h3 Nf6 20. Qf2 Ne7
21. g4 Ned5 22. c4 Nb4 23. Be3 c5 24. Rd1 Nc6 25. Rd2 cxd4 26. Bxd4 Bb4 27. Bc3 Qe7 28. Bxb4 Qxb4 29. b3 a5 30. Rd3 a4
31. Qd2 Qc5+ 32. Kh1 a3 33. Re3 Rd8 34. Qe1 b6 35. Re2 Nb4 36. Bf3 Nd3 37. Qg3 Rd4 38. h4 Nf4 39. Re3 g6 40. fxg6 Nxg6
41. h5 Nf4 42. Qe1 Nd3 43. Qe2 Qd6 44. Qh2 Qc5 45. Qe2 Nf4 46. Qe1 Nd3 47. Qe2
1/2-1/2

[Event "From's Gambit"]
[Site "SchemingMind.com"]
[Date "2022.08.30"]
[Round "-"]
[White "AussieMossie"]
[Black "Raymond de Kemp"]
[Result "1-0"]
[WhiteCountry "AUS"]
[BlackCountry "NED"]
[WhiteElo "2639"]
[WhiteRD "90"]
[BlackElo "1779"]
[BlackRD "73"]
[GameID "726326"]

1. f4 e5 2. fxe5 d6 3. exd6 Bxd6 4. Nf3 Nf6 5. Nc3 Bg4 6. e4 O-O 7. Be2 Nbd7 8. d3 Re8 9. O-O c6 10. Kh1 Nh5
11. d4 Bf4 12. e5 Bxc1 13. Rxc1 Nb6 14. Ng1 Bxe2 15. Qxe2 Qxd4 16. Qxh5 Qxe5 17. Qxf7+ Kh8 18. Qxb7 Nc4 19. Rce1
1-0

[Event "From's Gambit"]
[Site "SchemingMind.com"]
[Date "2022.08.30"]
[Round "-"]
[White "Raymond de Kemp"]
[Black "AussieMossie"]
[Result "0-1"]
[WhiteCountry "NED"]
[BlackCountry "AUS"]
[WhiteElo "1779"]
[WhiteRD "73"]
[BlackElo "2639"]
[BlackRD "90"]
[GameID "726327"]

1. f4 e5 2. fxe5 d6 3. exd6 Bxd6 4. Nf3 Nf6 5. Nc3 Ng4 6. g3 h5 7. Ne4 Nc6 8. Nxd6+ Qxd6 9. d4 h4 10. Bf4 Qe7
11. Qd2 Bf5 12. a3 hxg3 13. Bxg3 O-O-O 14. Bh3 Rxh3
0-1

[Event "From's Gambit"]
[Site "SchemingMind.com"]
[Date "2022.08.30"]
[Round "-"]
[White "AussieMossie"]
[Black "Matthew Bailey"]
[Result "1/2-1/2"]
[WhiteCountry "AUS"]
[BlackCountry "ENG"]
[WhiteElo "2639"]
[WhiteRD "90"]
[BlackElo "2581"]
[BlackRD "70"]
[GameID "726328"]

1. f4 e5 2. fxe5 d6 3. exd6 Bxd6 4. Nf3 Nf6 5. Nc3 O-O 6. g3 Nc6 7. Bg2 Bg4 8. O-O h6 9. d3 Qd7 10. e4 Bc5+
11. Kh1 Rae8 12. Qe1 Nh5 13. Be3 Bxe3 14. Qxe3 f5 15. Rae1 f4 16. gxf4 Nxf4 17. Ne5 Nxe5 18. Rxf4 Ng6 19. Rxf8+ Rxf8 20. Qg3 c6
21. a3 Bh5 22. Rf1 Qd4 23. Rf5 Rxf5 24. exf5 Nf8 25. h3 a5 26. Qc7 Qf2 27. Ne4 Qxf5 28. Ng3 Qg5 29. Nxh5 Qxh5 30. Qxb7 Qd1+
31. Kh2 Qxc2 32. Qxc6 Qxd3 33. b4 axb4 34. Qd5+ Qxd5 35. Bxd5+ Kh8=
1/2-1/2

[Event "From's Gambit"]
[Site "SchemingMind.com"]
[Date "2022.08.30"]
[Round "-"]
[White "Matthew Bailey"]
[Black "AussieMossie"]
[Result "1/2-1/2"]
[WhiteCountry "ENG"]
[BlackCountry "AUS"]
[WhiteElo "2591"]
[WhiteRD "71"]
[BlackElo "2636"]
[BlackRD "93"]
[GameID "726329"]

1. f4 e5 2. fxe5 d6 3. exd6 Bxd6 4. Nf3 Nf6 5. g3 Nc6 6. Bg2 h5 7. d3 Ng4 8. Nc3 h4 9. gxh4 Bf5 10. e4 Be6
11. Bg5 f6 12. Bd2 Qd7 13. d4 Bc4 14. b3 Ba6 15. Ne2 Nxh2 16. Nxh2 Rxh4 17. d5 Bxh2 18. dxc6 Qg4 19. Kf2 O-O-O 20. Bf3 Qg6
21. c4 f5 22. exf5 Qxf5 23. Qb1 Rd3 24. Qxd3 Qxd3 25. Bg5 Rh8 26. Rad1 Qf5 27. Rd5 Qh3 28. Bf4 bxc6 29. Rdd1 Qh4+ 30. Bg3 Qf6
31. Rxh2 Rf8 32. Rd3 Qf5 33. Re3 c5 34. Bf4 g5 35. Rh5 Qc2 36. Bxg5 Bb7 37. Rh3 Bc6 38. a3 Kb7 39. Rc3 Qd1 40. Re3 Qc2
41. Rc3 Qd1 42. Bh6 Rf7 43. Rg3 Qd6 44. Bg5 Qd1 45. a4 a6 46. Ng1 Rf5 47. Be3 Kb8 48. Ne2 Bb7 49. Nf4 Qa1 50. Rc2 Qb1
51. Rc3 Qa1 52. Ne2 Qd1 53. Ng1 Bc6 54. Rh3 Qb1=
1/2-1/2

[Event "From's Gambit"]
[Site "SchemingMind.com"]
[Date "2022.08.30"]
[Round "-"]
[White "AussieMossie"]
[Black "Randy Bahr"]
[Result "1-0"]
[WhiteCountry "AUS"]
[BlackCountry "USA"]
[WhiteElo "2629"]
[WhiteRD "89"]
[BlackElo "1836"]
[BlackRD "74"]
[GameID "726330"]

1. f4 e5 2. fxe5 d6 3. exd6 Bxd6 4. Nf3 Nf6 5. Nc3 Nc6 6. e4 Ng4 7. d4 Bd7 8. e5 Bb4 9. Bc4 O-O 10. h3 Nh6
11. Bxh6 gxh6 12. O-O Ne7 13. Ne4 Ng6 14. Nf6+ Kh8 15. Qc1 Be7 16. Qxh6 Bxf6 17. exf6 Qxf6 18. Ne5 Qh4 19. Nxg6+
1-0

[Event "From's Gambit"]
[Site "SchemingMind.com"]
[Date "2022.08.30"]
[Round "-"]
[White "Randy Bahr"]
[Black "AussieMossie"]
[Result "0-1"]
[WhiteCountry "USA"]
[BlackCountry "AUS"]
[WhiteElo "1836"]
[WhiteRD "74"]
[BlackElo "2629"]
[BlackRD "89"]
[GameID "726331"]

1. f4 e5 2. fxe5 d6 3. exd6 Bxd6 4. Nf3 Nf6 5. d4 O-O 6. e4 Nxe4 7. Bd3 Nf6 8. O-O h6 9. Ne5 Nc6 10. Nxc6 bxc6
11. Nd2 Bg4 12. Nf3 Re8 13. Bd2 c5 14. dxc5 Bxc5+ 15. Kh1 Qd6 16. Bc3 Rad8 17. Bxf6 Qxf6 18. Qc1 Re3 19. Nd2 Qh4 20. Ne4 Rd5
21. Rf3 Rxf3 22. gxf3 Bxf3#
0-1